00873cam a22002651 45000010008000000030004000080050017000120080041000290100017000700400018000870820016001051000037001212450109001582600038002673000025003054900017003305040030003476500029003776500020004066500014004269060045004409420012004859990015004979520095005123114990OSt20230622141516.0711020s1966 nyu b 000 0 eng  a 66017306  aDLCcDLCdDLC00a329.07bNOV1 aNovack, George,d1905-1992,eed.10aExistentialism versus Marxism;bconflicting views on humanism,cedited with an introd. by George Novack. a[New York,bDell Pub. Co.,c1966] aviii, 344 p.c21 cm.0 aA Delta book aBibliography: p. 341-344. 0aDialectical materialism. 0aExistentialism. 0aHumanism. a7bcbccorignewdueocipf19gy-gencatlg 2ddccBK c2348d2348 00102ddc4070a002b002d2023-06-22l0o329.07 NOVp10001353r2023-06-22w2023-06-22yBK